| 000 | 00959nam a2200313Ia 4500 | ||
|---|---|---|---|
| 001 | Z_1953 | ||
| 003 | CHAP | ||
| 008 | 220113s1996 xx 000 0 und d | ||
| 010 | _a165026 | ||
| 040 | _cCHAP | ||
| 090 | _aTesis G 1184 | ||
| 100 |
_aGonzález Castillo, Maricela _948775 |
||
| 245 |
_aDigestibilidad y consumo en ovinos alimentados con tres niveles de rastrojo de maíz / _cpor Maricela González Castillo |
||
| 260 |
_aChapingo, Méx. : _bEl autor, _c1996 |
||
| 300 | _a45 h. | ||
| 440 | _a | ||
| 502 | _aTesis (Ing. Agr. Esp. en Zootecnia) -- UACH. Departamento de Zootecnia | ||
| 503 | _a | ||
| 650 | 7 |
_aForrajes _xDigestibilidad _2 _942568 |
|
| 650 |
_aGanado lanar _xAlimentación _945153 |
||
| 650 |
_aMaíz como forraje I. UACH. Departamento de Zootecnia II. t. _9139045 |
||
| 650 |
_aMaíz _xSubproductos _971064 |
||
| 901 | _aTesis G 1184 | ||
| 902 | _aA | ||
| 910 | _a1996 | ||
| 942 | _c2 | ||
| 942 | _c2 | ||
| 999 |
_c165026 _d165026 |
||